[Event "Lovsprings op 05th E"]
[Site "Ringsted"]
[Date "1993.04.30"]
[Round "5"]
[White "Oure, Anders"]
[Black "Nielsen, Kurt"]
[Result "0-1"]
[WhiteElo "1031"]
[BlackElo "1198"]
[PlyCount "34"]
[EventDate "1993.03.26"]
[EventType "swiss"]
[EventRounds "7"]
[EventCountry "DEN"]
[SourceTitle "EXT 2023"]
[Source "ChessBase"]
[SourceDate "2022.10.05"]
[SourceVersion "1"]
[SourceVersionDate "2022.10.05"]
[SourceQuality "1"]

1. e4 c6 2. Nc3 d5 3. d4 dxe4 4. Nxe4 Bf5 5. Ng3 Bg6 6. Nf3 h6 7. Bd3 Bxd3 8. Qxd3 e6 9. 0-0 Nf6 10. Re1 Nbd7 11. Bf4 Qb6 12. b3 Nd5 13. Qd2 Bb4 14. Qc1 Bxe1 15. Nxe1 Qxd4 16. Ne2 Qe4 17. Ng3 Qxf4 0-1